Introduction to Information Systems (Record no. 11320)
[ view plain ]
| 000 -LEADER | |
|---|---|
| fixed length control field | 00611nam a22002057a 4500 |
| 005 - DATE AND TIME OF LATEST TRANSACTION | |
| control field | 20260204080023.0 |
| 008 - FIXED-LENGTH DATA ELEMENTS--GENERAL INFORMATION | |
| fixed length control field | 250212b |||||||| |||| 00| 0 eng d |
| 020 ## - INTERNATIONAL STANDARD BOOK NUMBER | |
| International Standard Book Number | 978-981-4272-81-0 |
| 040 ## - CATALOGING SOURCE | |
| Transcribing agency | jhcsc |
| 082 ## - DEWEY DECIMAL CLASSIFICATION NUMBER | |
| Classification number | 004 |
| 100 ## - MAIN ENTRY--PERSONAL NAME | |
| 9 (RLIN) | 7990 |
| Personal name | George Reynolds, Ralph Stair |
| 245 ## - TITLE STATEMENT | |
| Title | Introduction to Information Systems |
| 250 ## - EDITION STATEMENT | |
| Edition statement | Philippine Edition |
| 260 ## - PUBLICATION, DISTRIBUTION, ETC. | |
| Place of publication, distribution, etc. | Philippines |
| Name of publisher, distributor, etc. | C & E Publishing, Inc. |
| Date of publication, distribution, etc. | 2009 |
| 300 ## - PHYSICAL DESCRIPTION | |
| Extent | xii, 464pp |
| 500 ## - GENERAL NOTE | |
| General note | Includes Bibliographical references and Index |
| 650 ## - SUBJECT ADDED ENTRY--TOPICAL TERM | |
| Source of heading or term | information systems |
| 700 ## - ADDED ENTRY--PERSONAL NAME | |
| 9 (RLIN) | 7990 |
| Personal name | George Reynolds, Ralph Stair |
| 942 ## - ADDED ENTRY ELEMENTS (KOHA) | |
| Source of classification or shelving scheme | Dewey Decimal Classification |
| Koha item type | Book |
| Withdrawn status | Lost status | Source of classification or shelving scheme | Damaged status | Not for loan | Collection code | Home library | Current library | Shelving location | Date acquired | Total Checkouts | Full call number | Barcode | Date last seen | Price effective from | Koha item type |
|---|---|---|---|---|---|---|---|---|---|---|---|---|---|---|---|
| Dewey Decimal Classification | Information Technology | JHCSC - Canuto MS Enero Campus Library | JHCSC - Canuto MS Enero Campus Library | Circulation | 11/11/2013 | 004 R463 2009 | 2013358 | 02/04/2026 | 02/04/2026 | Book | |||||
| Dewey Decimal Classification | Information Technology | JHCSC - Canuto MS Enero Campus Library | JHCSC - Canuto MS Enero Campus Library | Circulation | 11/11/2013 | 004 R463 2009 | 2013357 | 02/04/2026 | 02/04/2026 | Book |